000 00843nam a2200253Ia 4500
001 22105
005 20260320113343.0
008 260320s9999||||xx |||||||||||||| ||und||
020 _a9788436818482
041 _aESP
082 _a155.422
_bP45
100 _aPérez-López, Julio,
_eCOR
245 0 _aManual de atención temprana
_b
246 _a
_5
_b
260 _aMadrid :
_bEdiciones Pirámide,
_c2006
300 _a430 páginas :
_bfiguras, tablas ;
_c24 cm.
_e
440 _a
_n
_v
650 _aPSI
653 _aPsicología infantil; Psicología del desarrollo; Atención - Infantes
654 _aCPS
700 _aBrito de la Nuez, Alfredo G.,
_cCOR
856 _uhttps://itmsp.museknowledge.com/UCSP?groupID=2&action=source&sourceID=EBSCO_IP
_zVéase además: Base de datos ProQuest Ebook Central
942 _cLIB
_dJUS
_fTRC
_2ddc
_n
999 _c22105
_d22105